000 00507nam a22001697a 4500
005 20231024091339.0
008 231024b |||||||| |||| 00| 0 eng d
020 _a0409026557 C
041 _aAfrikaans
082 _a347 PRE
100 _aPretorius , HN
_lAfrikaans
245 _aBurgerlike prosesreg in die landdroshowe /
_cHN Pretorius
260 _aDurban :
_bButterworth,
_c1986
300 _bCXI, 686 pages ;
_c25.8 cm.
650 _aLegal practice
_bLaw
942 _cBK
_6ALISON_B_N__VRIES
999 _c20
_d20